000 00463nam a2200193Ia 4500
003 LK-CoDNM
005 20241206093750.0
008 010623t1949 xxu||||| |||| 00| 1 eng d
040 _aLK-CoDNM
_dLK-CoDNM
_eLK-CoDNM
041 _aeng
080 _a294.51
_bSAY
100 _aSivanandaji,Swami.
245 _aSayings of Sivananda
260 _bAuthor
_aNawalapitiya
_c1949
300 _b20p. ; 18 cm
650 _a1949
650 _aOpinions
942 _cBK
999 _c101525
_d101525